Представление документа в формате RUSMARC

Поле Инд. ПП Название Значение
Тип записи a
Библиографический уровень a
001 Контрольный номер b03f30181a1449db86105fce6c093a04
005 Дата корректировки 20200407131656.7
100 a Данные общей обработки 20190520 ||| 0rusy0189 ca
101 0_ a Язык текста rus
102 a Страна публикации RU
200 1_ f Первые сведения об ответственности С.С. Горохова
a Заглавие Основные задачи государственной политики Российской Федерации в сфере обеспечения безопасности экономической деятельности
b Общее обозначение материала Текст
210 1_ d Дата издания 2019
461 _0 1 2000
a Российская юстиция
463 _0 1 2000
a № 4
v С. 2-5
1 2101
d 2019
1 001ff02bc91735a4dec8338d566d2b32bee
606 a Основная рубрика Право. Юридические науки
x Основная подрубрика Уголовное право
610 0_ a Ключевые слова КРИМИНОЛОГИЯ
a Ключевые слова БЕЗОПАСНОСТЬ ЭКОНОМИЧЕСКАЯ
a Ключевые слова ПРЕСТУПЛЕНИЕ ПРОФИЛАКТИКА
a Ключевые слова КОРРУПЦИЯ
700 _1 a Фамилия Горохова
b Имя С.С.
801 _0 a Страна RU
b Организация РГУП
c Дата составления 20190520
g Правила каталогизации PSBO
801 _1 a Страна RU
b Организация РГУП
c Дата составления 20190520
g Правила каталогизации PSBO
901 t Тип документа b
w Контрольный № источника ff02bc91735a4dec8338d566d2b32bee
905 a Дата ввода 20190520